Soledad

-д хадгалсан:
Номзүйн дэлгэрэнгүй
Үндсэн зохиолч: Unamuno, Miguel de (Зохиогч)
Формат: Ном
Хэл сонгох:испани
Хэвлэсэн: Buenos Aires Espasa-Calpe 1946
Цуврал:Colección Austral
Нөхцлүүд:
Шошгууд: Шошго нэмэх
Шошго байхгүй, Энэхүү баримтыг шошголох эхний хүн болох!

MARC

LEADER 00000nam a2200000 a 4500
001 UCY8319
003 CL-VaPUC
008 950703e19460000AG |||||||||||||||||spa|d
082 0 4 |a 864  |b UNA  |2 21 
100 0 |a Unamuno, Miguel de  |e author  |9 312478 
245 1 0 |a Soledad 
300 |a 167 p 
942 |c BK 
945 |d 19950703 00:00:00  |a rbrito 
260 |a Buenos Aires  |b Espasa-Calpe  |c 1946 
650 0 |a Ensayos españoles  |9 313128 
583 |a last modification  |c 19950703 00:00:00  |k Rodrigo Vera 
490 0 |a Colección Austral 
999 |c 235587  |d 235585 
952 |0 0  |1 0  |4 0  |6 864_000000000000000_UNA_1946  |7 0  |8 A  |9 243115  |a BIBEDU  |b BIBEDU  |d 2019-11-18  |i 3101347  |o 864 UNA 1946  |p 3101347  |r 2019-11-18  |w 2019-11-18  |y BK  |k LIT